|
|
|
|
| LEADER |
00000cam a2200000 a 4500 |
| 001 |
014544 |
| 003 |
UAHC_CL |
| 005 |
20170803121141.0 |
| 008 |
100113s2000 cl o 000 spa |
| 040 |
|
|
|a UAHC_CL
|c UAHC_CL
|d UAHC_CL
|
| 082 |
0 |
4 |
|a 370.19346
|b E74
|2 20
|
| 245 |
1 |
0 |
|a Escuela rural :
|b historias de microcentros /
|c Gobierno de Chile, Ministerio de Educación, Programa de Educación Rural.
|
| 260 |
|
|
|b Programa de Educación Rural
|a Santiago, Chile
|c 2000
|
| 300 |
|
|
|a 203 p.
|b fotogr. col.
|
| 520 |
|
|
|a El Programa de Educación Básica Rural es la aventura pedagógica reformulada por las propias comunidades enclavadas en valles o cordilleras, o dispersas en tramos del litoral. Son las comunidades las que buscan abrir oportunidades para sus niños y niñas, a través de la educación.
|
| 650 |
|
4 |
|a EDUCACION BASICA
|z CHILE
|
| 650 |
|
4 |
|a ESCUELAS RURALES
|z CHILE
|
| 650 |
|
4 |
|a EDUCACION RURAL
|z CHILE
|
| 653 |
|
|
|a PEDAGOGIA EN EDUCACION BASICA
|
| 710 |
1 |
|
|a Programa de Educación Rural (Chile)
|
| 900 |
|
|
|a 370.19346 ESC
|
| 942 |
|
|
|c BK
|
| 952 |
|
|
|0 0
|1 0
|4 0
|6 370_193460000000000_ESC
|7 0
|8 General
|9 29143
|a BC
|b BC
|c General
|d 2017-08-03
|o 370.19346 ESC
|p 1376257
|r 2026-01-13 00:00:00
|t 1
|w 2017-08-03
|y BK
|
| 999 |
|
|
|c 14544
|d 14544
|